000 00419nam a22001337a 4500
005 20250724120535.0
008 250724b |||||||| |||| 00| 0 eng d
020 _a9780195283556
050 _aREF BS191
_bNEW
245 _aBIBLE;
_bCONTAINING THE OLD AND NEW TESTAMENT
_cEDITED BY METZGER BRUCE M. AND MURPHY ROLAND E.
260 _aNEW YORK
_bOXFORD UNIVERSITY PRESS
_cc1989
300 _axxviii, 497p
942 _2lcc
_cBK
_n0
999 _c7137
_d7137